Sinh học của cỏ dại với sự khảo sát đặc biệt về hình thể học các loài cỏ dại con trong ruộng lúa vùng Cần thơ
Enregistré dans:
| Auteur principal: | |
|---|---|
| Format: | Livre |
| Langue: | Undetermined |
| Publié: |
Cần Thơ
Viện Đại Học Cần Thơ - Đại Học Khoa Học - Ban Vạn Vật Học
1974
|
| Sujets: | |
| Tags: |
Ajouter un tag
Pas de tags, Soyez le premier à ajouter un tag!
|
| Thư viện lưu trữ: | Trung tâm Học liệu Trường Đại học Cần Thơ |
|---|
| LEADER | 00698nam a2200181Ia 4500 | ||
|---|---|---|---|
| 001 | CTU_33706 | ||
| 008 | 210402s9999 xx 000 0 und d | ||
| 082 | |a 581.652 | ||
| 082 | |b C506 | ||
| 100 | |a Nguyễn Kim Cúc | ||
| 245 | 0 | |a Sinh học của cỏ dại với sự khảo sát đặc biệt về hình thể học các loài cỏ dại con trong ruộng lúa vùng Cần thơ | |
| 245 | 0 | |c Nguyễn Kim Cúc | |
| 260 | |a Cần Thơ | ||
| 260 | |b Viện Đại Học Cần Thơ - Đại Học Khoa Học - Ban Vạn Vật Học | ||
| 260 | |c 1974 | ||
| 650 | |a weeds | ||
| 904 | |i Minh, 991105 | ||
| 980 | |a Trung tâm Học liệu Trường Đại học Cần Thơ | ||